Statistics for Georgia ... or Georgia?

Click here to take the quiz!

General Stats

  • This quiz has been taken 26,436 times
  • The average score is 15 of 18

Answer Stats

Question Answer % Correct
Atlanta is its capital cityU.S. State
99%
Batumi is its second largest cityCountry
97%
Has the world's busiest airportU.S. State
94%
The birthplace of one of history's greatest tyrantsCountry
93%
Most of its population are Orthodox ChristiansCountry
90%
Has five crosses on its flagCountry
88%
Grows a lot of peanutsU.S. State
86%
Has an average elevation of 1,432 meters (4,698 feet)Country
86%
Has hosted the OlympicsU.S. State
84%
Its population has decreased since 1990Country
80%
Has a long tradition of wine-growingCountry
77%
Has a GDP per capita of $45,000U.S. State
75%
Was established in the year 1733U.S. State
75%
Is wider than it is tallCountry
71%
The birthplace of two Nobel Peace Prize winnersU.S. State
71%
Named for a kingU.S. State
68%
Has a population of 3.7 millionCountry
60%
Generates 80% of its electricity from hydropowerCountry
57%

Score Distribution

Percentile by Number Answered

Percent of People with Each Score

Your Score History

You have not taken this quiz